000 00471nam a2200193Ia 4500
005 20240823054311.0
008 240823s9999||||xx |||||||||||||| ||und||
020 _a978-81-261-4623-9
041 _aENGLISH
082 _A621.30321 Q0
100 _aRaina K L
245 0 _aDictionary of Electrical Engineering
250 _a2nd
260 _c2010
_bAnmol Publica
500 _aYES
650 _aElectrical Engineering
_bElectrical
942 _cBK
999 _c226137
_d226137